000 00471nam a2200145Ia 4500
041 _aArabic
082 _a341,233 cut-822 ج
100 _a20260118u\\\\\\\\\\\y0engy0103\\\\ba
100 _aطارق جمباز وكريم صوفي
245 0 _aمكافحة الفساد في الامم المتحدة وبعض الدول العربية من اين لك هذا؟
250 _aط1
260 _bمطبعة شهاب
_aاربيل
_c2006
300 _a187
942 _cBk
999 _c189546
_d189546